000 00316nam a22001457a 4500
008 210303b ||||| |||| 00| 0 eng d
020 _a076714015005
041 _aeng
080 _a336.2
082 _a336.2
100 _a55
101 _aTAKS
245 _a2001 Income Tax Guide
_cAnderson, N
942 _2udc
_cBK
999 _c55567
_d55567